مكتبة جامعة عجلون الوطنية

فهرس بحث المكتبة

Normal view MARC view
  • ترجمه عمران ، منذر،ترجمة سعيد العاقل ؛مراجعة :فارش شقير، نزيه يانس ،محمود نصر

Entry Personal Name

Number of records used in: 1

001 - CONTROL NUMBER

  • control field: 51251

003 - CONTROL NUMBER IDENTIFIER

  • control field: JO-AjAnu

005 - DATE AND TIME OF LATEST TRANSACTION

  • control field: 20230606082431.0

008 - FIXED-LENGTH DATA ELEMENTS

  • fixed length control field: 230606|| aca||aabn | a|a d

040 ## - CATALOGING SOURCE

  • Original cataloging agency: JO-AjAnu
  • Transcribing agency: JO-AjAnu

100 ## - HEADING--PERSONAL NAME

  • Personal name: ترجمه عمران ، منذر،ترجمة سعيد العاقل ؛مراجعة :فارش شقير، نزيه يانس ،محمود نصر

670 ## - SOURCE DATA FOUND

  • Source citation: Work cat.: (JO-AjAnu)26194: ترجمه عمران ، منذر،ترجمة سعيد العاقل ؛مراجعة :فارش شقير، نزيه يانس ،محمود نصر , author, جيو تقنية مكبات النفايات ومطامرها